000 00894nam a2200289Ia 4500
003 OSt
005 20220912144906.0
006 a|||||r|||| 00| 0
007 ta
008 220909b |||||||| |||| 00| 0 eng d
024 _a76896
037 _b2023, 28/08/2009, New India Book Agency
037 _cTextual
040 _aCSL
_beng
_cCSL
041 _aeng
082 _aD65,8(B):4, M4
100 _aGroover Mikell P
245 0 _aCAD/CAM: computer-aided design and manufacturing
260 _aLondon
_bPearson Education
_c1984
300 _a511p.
_ccm.
500 _aIncludes bibliographical references; Index 501-511p.
650 _a Computer-aided design
650 _aGeneralia
700 _a Zimmers Emory W
942 _hD65,8(B):4, M4
_cTEXL
_2CC
999 _c18386
_d18386